Statistiques concernant Culture Générale - Série 2284

Cliquez ici pour prendre le quiz!

Statistiques générales

  • Ce quiz a été pris 76 fois
  • Le résultat moyen est 6 sur 10

Statistiques - réponses

QuestionRéponse% Correct
Combien y-a-t-il de secondes dans une heure ?3600
93%
Qui a interprété "Les lacs du Connemara" en 1981 ? prénom et nomMichel Sardou
91%
Quel titan de la mythologie grecque a été condamné à soutenir la voûte terrestre ?Atlas
73%
Au bord de quelle ville italienne se trouve le volcan Vésuve ?Naples
72%
Dans quel pays se trouvent les ruines de la ville de Troie ?Turquie
72%
Quel est l'auteur du conte "Cendrillon" ? prénom et nomCharles Perrault
66%
Qui a écrit les Mémoires d'Outre Tombe ?Chateaubriand
59%
Où se situe l'action de "Crime et châtiment" de Dostoiëvski ?Saint-Petersbourg
49%
Quel est l'auteur de l'opéra "Carmen" ? prénom et nom - voir photoGeorges Bizet
47%
Quel château a inspiré la construction du château de Versailles ?Vaux le Vicomte
18%

Distribution des résultats

Percentile par nombre de réponses

% des personnes avec chaque résultat

Votre développement - résultats

Vous n’avez pas pris ce quiz